[Event "Gausdal Classics 2007"]
[Site "Gausdal NOR"]
[Date "2007.04.26"]
[Round "9.3"]
[White "Moskow, Eric"]
[Black "Krush, Irina"]
[Result "0-1"]
[WhiteElo "2260"]
[BlackElo "2464"]
[PlyCount "78"]
[EventDate "2007.04.18"]
[EventType "tourn"]
[EventRounds "9"]
[EventCountry "NOR"]
[EventCategory "12"]
[Source "lmi"]
[SourceDate "2007.04.18"]

1. c4 e5 2. Nc3 Nf6 3. Nf3 Nc6 4. a3 d5 5. cxd5 Nxd5 6. g3 Nb6 7. Bg2 Be7 8.
O-O O-O 9. b4 Be6 10. d3 f6 11. Bb2 Qd7 12. Rc1 a5 13. b5 Nd4 14. Nd2 Nxb5 15.
Nxb5 Qxb5 16. Rxc7 Bd6 17. Rc2 Na4 18. Nc4 Bc5 19. Qa1 Qd7 20. Rfc1 Qe7 21. Rb1
Rac8 22. e3 b6 23. Rd1 Qa7 24. Rcc1 b5 25. Nd2 Qe7 26. Rb1 Rb8 27. Bc1 Rfc8 28.
d4 exd4 29. exd4 Ba7 30. Bb2 Rc2 31. Be4 Rxb2 32. Rxb2 Bxd4 33. Rxb5 Bxf2+ 34.
Kxf2 Rxb5 35. Qd4 Nc5 36. Bd5 Nd3+ 37. Qxd3 Rxd5 38. Qe2 Qd7 39. Ke1 Bg4 0-1

[Event "Gausdal Classics 2007"]
[Site "Gausdal NOR"]
[Date "2007.04.26"]
[Round "9.4"]
[White "Jones, Gawain C"]
[Black "Portisch, Lajos"]
[Result "1/2-1/2"]
[WhiteElo "2518"]
[BlackElo "2512"]
[PlyCount "36"]
[EventDate "2007.04.18"]
[EventType "tourn"]
[EventRounds "9"]
[EventCountry "NOR"]
[EventCategory "12"]
[Source "lmi"]
[SourceDate "2007.04.18"]

1. e4 e5 2. Nf3 Nc6 3. d4 exd4 4. Nxd4 Bc5 5. Nxc6 bxc6 6. Qf3 d6 7. Bc4 Be6 8.
Bxe6 fxe6 9. e5 Ne7 10. O-O d5 11. Nd2 Bb6 12. c4 dxc4 13. Nxc4 Qd5 14. Qg4 O-O
15. Be3 Ng6 16. Rad1 Nxe5 17. Rxd5 Nxg4 18. Rd7 Nf6 1/2-1/2